| 000 | 00522nam a22001937a 4500 | ||
|---|---|---|---|
| 003 | CEME | ||
| 005 | 20210628205241.0 | ||
| 008 | 210208b xxu||||| |||| 00| 0 eng d | ||
| 020 | _a81-203-1015-2 | ||
| 040 | _c. | ||
| 082 | _a621.3815 JAC | ||
| 100 |
_aJacob, J. Michael _960455 |
||
| 245 | _aApplications and design with analog integrated circuits | ||
| 250 | _a2ND | ||
| 260 |
_aNEWDELHI _bPRENTICE HALL OF INDIA _c1996 |
||
| 300 | _aXIII, 575P | ||
| 650 |
_aANALOG INTEGRATED CIRCUITS _957068 |
||
| 942 |
_cBK _2ddc |
||
| 999 |
_c580099 _d580099 |
||